Relazione sul servizio minerario nel 1890 (Record no. 184423)

MARC details
000 -LEADER
campo de control de longitud fija 00802nam a2200169 i 4500
001 - NÚMERO DE CONTROL
campo de control 184423
003 - IDENTIFICADOR DE NÚMERO DE CONTROL
campo de control ES-MaACL
005 - FECHA Y HORA DE LA ÚLTIMA TRANSACCIÓN
campo de control 20230906222206.0
008 - DATOS DE LONGITUD FIJA--INFORMACIÓN GENERAL
campo de control de longitud fija 150824s1892 it |||| | ita d
245 00 - MENCIÓN DEL TÍTULO
Título Relazione sul servizio minerario nel 1890
Resto del título : Estratto dalla Rivista mineraria del 1890 (Annali di Agricoltura, n. 191).
260 ## - PUBLICACIÓN, DISTRIBUCIÓN, ETC.
Lugar de publicación, distribución, etc. Firenze :
Nombre del editor, distribuidor, etc. [s.n.],
Fecha de publicación, distribución, etc. 1892 (
Fabricante Tip. G. Barbera)
300 ## - DESCRIPCIÓN FÍSICA
Extensión 250 p., [2] h. map. :
Otras características físicas il. ;
Dimensiones 24 cm.
594 ## - Nota al título y mención de responsabilidad
Nota al título y mención de responsabilidad Precede al tít.: Ministero di agricoltura, industria e commercio, Direzione dell'agricoltura.
650 #4 - PUNTO DE ACCESO ADICIONAL DE MATERIA--TÉRMINO DE MATERIA
Término de materia o nombre geográfico como elemento de entrada Minería-
Subdivisión geográfica Italia.
9 (RLIN) 157291
710 1# - ENTRADA AGREGADA--NOMBRE DE ENTIDAD CORPORATIVA
Nombre de entidad corporativa o nombre de jurisdicción como elemento de entrada Italia.
Unidad subordinada Direzione Generale dell'Agricoltura.
9 (RLIN) 5309
852 ## - LOCALIZACIÓN
Ubicación ES-MaACL
Número de control de estantería T-899-F-23
Nota libre .- Legado de Federico de Botella y de Hornos
-- .- Enc. en un vol. facticio conservando la cub. original
Holdings
Estatus retirado Estado de pérdida Estado de daño No para préstamo Colección Biblioteca de origen Biblioteca actual Ubicación en estantería Fecha de adquisición Fuente de adquisición Total de préstamos Signatura topográfica completa Código de barras Visto por última vez Precio de reemplazo Tipo de ítem Koha
        Colección de folletos Biblioteca del Ateneo de Madrid Biblioteca del Ateneo de Madrid Depósito folletos 24/08/2015     T-899-F-23 1194068 23/02/2023 23/02/2023 Folleto